| 000 | 00629nam a2200181Ia 4500 | ||
|---|---|---|---|
| 001 | 6639 | ||
| 008 | 260622s9999 xx 000 0 und d | ||
| 245 | 0 |
_aعقدة أوديب فيالرواية العربية _cجورج طرابيشي |
|
| 250 | _aالطبعة الثانية؛ | ||
| 260 |
_aبيروت؛ _bدار الطليعة للطباعة و النشر؛ _c1987 |
||
| 300 |
_a335p; _c20x14cm |
||
| 520 | _aOedipus Complex in Arabic fiction/ Georges Tarabichi | ||
| 546 | _aArabic | ||
| 650 | _aPJ7501-8517 Arabic literature | ||
| 655 |
_aArticles مقالات _99420 |
||
| 700 |
_aTarabishi, George _99495 |
||
| 942 | _cBK | ||
| 999 |
_c6639 _d6639 |
||